Only 1 Will Kill You - Sudden Death Quiz - Statistics

General Stats
  • This quiz has been taken 3,124 times
  • The average score is 7 of 27
Answers on the Grid
Answers color-coded by a green-red scale on the quiz's grid according to % correct below.
Click
Click
Click
Click
Click
Click
Click
Click
Click
Click
Click
Click
Click
Click
Click
Click
Click
Click
Click
Click
Click
Click
Click
Click
Click
Click
Click
Click
Click
Click
 
Answer Stats
Answer % Correct
Click
29%
Click
29%
Click
29%
Click
29%
Click
29%
Click
28%
Click
28%
Click
28%
Click
28%
Click
28%
Click
27%
Click
27%
Click
27%
Click
26%
Click
26%
Click
26%
Click
26%
Click
26%
Click
26%
Click
26%
Click
26%
Click
26%
Click
25%
Click
25%
Click
25%
Click
25%
Click
25%
No matching quizzes found
Score Distribution
Percent of People with Each Score
Percentile by Number Answered
Your Score History
You have not taken this quiz